Chatham and the British Empire / (Record no. 24613)
[ view plain ]
| 000 -LEADER | |
|---|---|
| fixed length control field | 01015cam a22003011 4500 |
| 001 - CONTROL NUMBER | |
| control field | 24613 |
| 003 - CONTROL NUMBER IDENTIFIER | |
| rucl marc code | BD-RjUL |
| 005 - DATE AND TIME OF LATEST TRANSACTION | |
| control field | 20211209001056.0 |
| 008 - FIXED-LENGTH DATA ELEMENTS--GENERAL INFORMATION | |
| fixed length control field | 140315r19671946enkb b 001 0 eng |
| 020 ## - INTERNATIONAL STANDARD BOOK NUMBER | |
| International Standard Book Number | 0034005542 |
| 035 ## - SYSTEM CONTROL NUMBER | |
| System control number | (BD-RjUL)24682 |
| System control number | (OCoLC)2233083 |
| 040 ## - CATALOGING SOURCE | |
| Original cataloging agency | DLC |
| Transcribing agency | FJUNF |
| Modifying agency | OCoLC |
| -- | OrPS |
| -- | DLC |
| -- | BD-RjUL |
| Language of cataloging | eng |
| 041 ## - LANGUAGE CODE | |
| Language code of text/sound track or separate title | eng |
| 082 ## - DEWEY DECIMAL CLASSIFICATION NUMBER | |
| Classification number | 942.072 |
| Author mark and year | ROC 1967 |
| 100 1# - MAIN ENTRY--PERSONAL NAME | |
| Personal name | Robertson, Charles Grant, |
| Dates associated with a name | 1869-1948. |
| 9 (RLIN) | 75754 |
| 245 10 - TITLE STATEMENT | |
| Title | Chatham and the British Empire / |
| Statement of responsibility, etc. | by Sir Charles Grant Robertson. |
| 260 ## - PUBLICATION, DISTRIBUTION, ETC. (IMPRINT) | |
| Place of publication, distribution, etc. | London : |
| Name of publisher, distributor, etc. | English Universities Press, |
| Date of publication, distribution, etc. | [Reprinted 1967]. |
| 300 ## - PHYSICAL DESCRIPTION | |
| Pagination | xiii, 200 p. : |
| Illustrations | ill., map ; |
| Size | 18 cm. |
| 490 0# - SERIES STATEMENT | |
| Series statement | Teach yourself history library |
| 500 ## - GENERAL NOTE | |
| General note | "First printed July 1946." "Books on Chatham": p. 197-198. |
| 504 ## - BIBLIOGRAPHY, ETC. NOTE | |
| Bibliography, etc | Includes index. |
| 600 10 - SUBJECT ADDED ENTRY--PERSONAL NAME | |
| Personal name | Pitt, William, |
| Titles and other words associated with a name | Earl of Chatham, |
| Dates associated with a name | 1708-1778. |
| 651 #0 - SUBJECT ADDED ENTRY--GEOGRAPHIC NAME | |
| Geographic name | Great Britain |
| General subdivision | History |
| Chronological subdivision | 18th century. |
| 9 (RLIN) | 75755 |
| 942 ## - ADDED ENTRY ELEMENTS (KOHA) | |
| Source of classification or shelving scheme | Dewey Decimal Classification |
| Koha item type | Books |
| Lost status | Source of classification or shelving scheme | Damaged status | Not for loan | Collection code | Permanent Location | Current Location | Shelving location | Date acquired | Source of acquisition | Cost, normal purchase price | Total Checkouts | Full call number | Date last seen | Copy number | Koha item type |
|---|---|---|---|---|---|---|---|---|---|---|---|---|---|---|---|
| Dewey Decimal Classification | Fiction | Central Library, University of Rajshahi | Central Library, University of Rajshahi | 20/07/1972 | Book Centre | 16.50 | 942.072 ROC 1967 | 15/03/2014 | C-2 | Books | |||||
| Dewey Decimal Classification | Not For Loan | Non-fiction | Central Library, University of Rajshahi | Central Library, University of Rajshahi | Reading Room | 03/04/1973 | Book center | 16.50 | 942.072 ROC 1967 | 05/02/2017 | C-1 | Books |